[Event "II. CLANSKA LIGA ZAHOD 2025"]
[Site "Komenda"]
[Date "2025.11.22"]
[Round "7.5"]
[White "Sajn, Simon"]
[Black "Mencinger, Vojko"]
[Result "0-1"]
[WhiteElo "2084"]
[BlackElo "2259"]
[PlyCount "122"]
[EventDate "2025.11.14"]
[WhiteTeam "SK RIMEX ILIRSKA BISTRICA"]
[BlackTeam "SD GORENJKA LESCE"]

1. d4 Nf6 2. Nf3 e6 3. Bf4 b6 4. e3 Bb7 5. Bd3 Be7 6. h3 O-O 7. O-O c5 8. Nbd2
Nd5 9. Bg3 f5 10. c4 Nf6 11. Qc2 Na6 12. a3 Nc7 13. Rfd1 Rc8 14. d5 exd5 15.
Bxf5 Qe8 16. cxd5 Bxd5 17. e4 Be6 18. Bxe6+ Nxe6 19. Nc4 Nh5 20. Qd3 Nxg3 21.
fxg3 Rc7 22. Nd6 Bxd6 23. Qxd6 Rf7 24. Rd2 Qf8 25. Qd5 c4 26. Rc2 Rc5 27. Qd2
Qb8 28. e5 Qc7 29. Rd1 h6 30. Qe3 Qb8 31. Rd6 Qc7 32. Kh2 Qb7 33. Nd2 Qc8 34.
Nf3 Qc7 35. Qc3 Rf5 36. Rcd2 Rf7 37. Rd1 Qc8 38. R1d5 Rxd5 39. Rxd5 Qc6 40. Rd6
Qc7 41. Qd2 Qb7 42. Qd1 Qc7 43. Qd5 Qc5 44. Rxd7 Qxd5 45. Rxd5 Rc7 46. a4 Kf7
47. a5 Ke7 48. axb6 axb6 49. Rb5 Rc6 50. g4 Nc7 51. Rb4 b5 52. Nd4 Rc5 53. Kg3
Rxe5 54. Nc6+ Kd6 55. Nxe5 Kxe5 56. b3 c3 57. Rf4 c2 58. Rf1 Ke4 59. Kf2 Kd3
60. Re1 Nd5 61. Re5 Nc3 0-1

[Event "II. CLANSKA LIGA ZAHOD 2025"]
[Site "Komenda"]
[Date "2025.11.22"]
[Round "7.5"]
[White "Kelbl, Jakob"]
[Black "Solmajer, Luka"]
[Result "0-1"]
[WhiteElo "1995"]
[BlackElo "2004"]
[PlyCount "122"]
[EventDate "2025.11.14"]
[WhiteTeam "SD GORENJKA LESCE"]
[BlackTeam "SK RIMEX ILIRSKA BISTRICA"]

1. e4 c5 2. Nc3 Nc6 3. Bb5 Nd4 4. Nf3 Nxb5 5. Nxb5 g6 6. d4 Bg7 7. c4 cxd4 8.
Nfxd4 d6 9. O-O Nf6 10. Nc3 O-O 11. f3 Qb6 12. Be3 Qa5 13. Qd2 Re8 14. Rab1 a6
15. b4 Qc7 16. Rfc1 e6 17. b5 Nd7 18. b6 Qd8 19. Nce2 Ne5 20. h3 Bd7 21. f4 Nc6
22. Nf3 Qe7 23. Rd1 d5 24. e5 Rad8 25. Qc3 dxc4 26. Qxc4 f6 27. Bc5 Qf7 28. Bd6
fxe5 29. fxe5 Ne7 30. Bc7 Bb5 31. Qe4 Rxd1+ 32. Rxd1 Bc6 33. Qd3 Nd5 34. Bd6
Bb5 35. Qe4 Bxe2 36. Qxe2 Nc3 37. Qe1 Nxd1 38. Qxd1 Qd7 39. Qc2 Rc8 40. Bc7 Bh6
41. Qe4 Qd5 42. Qb4 Bf8 43. Qg4 Bc5+ 44. Kh2 Rf8 45. Ng5 Rf5 46. Ne4 Qd4 47.
Nxc5 Qxc5 48. Qh4 Qf8 49. Bd6 Qf7 50. Qd8+ Kg7 51. Qc7 Rf1 52. Bc5 g5 53. Be3
Kg6 54. Qd8 h6 55. h4 Kh5 56. hxg5 Qf5 57. Qh8 Kg4 58. Qf6 h5 59. Qg7 Re1 60.
Bd2 Re2 61. Bc1 Qe4 0-1

[Event "II. CLANSKA LIGA ZAHOD 2025"]
[Site "Komenda"]
[Date "2025.11.22"]
[Round "7.5"]
[White "Pavlin, Damijan"]
[Black "Rolih, Miran"]
[Result "1-0"]
[WhiteElo "1963"]
[BlackElo "1916"]
[PlyCount "87"]
[EventDate "2025.11.14"]
[WhiteTeam "SD GORENJKA LESCE"]
[BlackTeam "SK RIMEX ILIRSKA BISTRICA"]

1. d4 Nf6 2. Nf3 g6 3. Bf4 Bg7 4. Nc3 d5 5. e3 O-O 6. Be2 c6 7. h4 Nbd7 8. Ne5
Ne4 9. Nxe4 Nxe5 10. Nc3 Nc4 11. Bxc4 dxc4 12. h5 Qa5 13. hxg6 fxg6 14. Bh6
Bxh6 15. Rxh6 Qg5 16. Rh2 Bg4 17. Qd2 Rf7 18. Ne4 Qf5 19. Ng3 c3 20. bxc3 Qb5
21. f3 Raf8 22. Ne2 e5 23. Qd3 Qb2 24. Rd1 e4 25. Qxe4 Bf5 26. Qe5 Bxc2 27. Rd2
Qxa2 28. Kf2 Qb3 29. Rh1 Rf5 30. Qe7 R8f7 31. Qd6 a5 32. Ra1 Be4 33. Ra3 Rxf3+
34. gxf3 Rxf3+ 35. Ke1 Qf7 36. Nf4 Bd5 37. Qb8+ Kg7 38. Qe5+ Kg8 39. Kd1 a4 40.
Nxd5 cxd5 41. Qb8+ Kg7 42. Qe5+ Kg8 43. Rxa4 Rf1+ 44. Kc2 1-0

[Event "II. CLANSKA LIGA ZAHOD 2025"]
[Site "Komenda"]
[Date "2025.11.22"]
[Round "7.5"]
[White "Smolej, Ziga"]
[Black "Lanjscek, Miha"]
[Result "1/2-1/2"]
[WhiteElo "1855"]
[BlackElo "1842"]
[PlyCount "60"]
[EventDate "2025.11.14"]
[WhiteTeam "SK RIMEX ILIRSKA BISTRICA"]
[BlackTeam "SD GORENJKA LESCE"]

1. d4 Nf6 2. c4 e6 3. Nc3 Bb4 4. Nf3 c5 5. e3 Ne4 6. Qc2 f5 7. a3 Bxc3+ 8. bxc3
O-O 9. Bd3 d6 10. Bxe4 fxe4 11. Qxe4 d5 12. Qd3 b6 13. O-O Ba6 14. Re1 Bxc4 15.
Qd2 Nd7 16. e4 dxe4 17. Ng5 Nf6 18. Nxe4 Nxe4 19. Rxe4 Bd5 20. Re5 Qh4 21. Qe2
cxd4 22. Bg5 d3 23. Bxh4 dxe2 24. Rxe2 Rac8 25. Rc1 Rc4 26. Be7 Rfc8 27. Re3
Kf7 28. Bd6 Kg8 29. Bb4 h6 30. h3 Kh7 1/2-1/2

[Event "II. CLANSKA LIGA ZAHOD 2025"]
[Site "Komenda"]
[Date "2025.11.23"]
[Round "8.1"]
[White "Skrbec, Leon"]
[Black "Sirnik, Bostjan"]
[Result "1/2-1/2"]
[WhiteElo "2276"]
[BlackElo "2184"]
[PlyCount "71"]
[EventDate "2025.11.14"]
[WhiteTeam "SK POSTOJNA"]
[BlackTeam "SK RIMEX ILIRSKA BISTRICA"]

1. e4 d6 2. d4 Nf6 3. Nc3 e5 4. Nf3 Nbd7 5. Bc4 Be7 6. O-O O-O 7. Re1 c6 8. a4
Qc7 9. h3 h6 10. Be3 Re8 11. d5 Nf8 12. Nd2 Ng6 13. b4 Bf8 14. a5 Ne7 15. Ra3
cxd5 16. exd5 Nf5 17. Bd3 Nxe3 18. fxe3 Bd7 19. Rf1 Be7 20. Qf3 Rf8 21. Ne2 Ne8
22. Ng3 g6 23. e4 Ng7 24. Qe2 f5 25. exf5 gxf5 26. Nh5 Bg5 27. Nxg7 Kxg7 28.
Nf3 Bf6 29. Bb5 e4 30. Bxd7 exf3 31. Qb5 Bd4+ 32. Kh2 Be5+ 33. Kg1 Bd4+ 34. Kh2
Be5+ 35. Kg1 Bd4+ 36. Kh2 1/2-1/2

[Event "II. CLANSKA LIGA ZAHOD 2025"]
[Site "Komenda"]
[Date "2025.11.23"]
[Round "8.1"]
[White "Sajn, Simon"]
[Black "Cepon, Dusan"]
[Result "1-0"]
[WhiteElo "2084"]
[BlackElo "2012"]
[PlyCount "115"]
[EventDate "2025.11.14"]
[WhiteTeam "SK RIMEX ILIRSKA BISTRICA"]
[BlackTeam "SK POSTOJNA"]

1. d4 e6 2. Nf3 b6 3. g3 Bb7 4. Bg2 Nf6 5. O-O Be7 6. c4 O-O 7. Nc3 d5 8. Ne5
Nbd7 9. Qa4 Nb8 10. Rd1 Qe8 11. cxd5 exd5 12. Bg5 Qd8 13. Rac1 a6 14. Qb3 c6
15. e4 dxe4 16. Nxe4 Nd5 17. Bxe7 Nxe7 18. Ng5 Nd5 19. h4 Ra7 20. Be4 g6 21.
Qf3 Ba8 22. Ng4 Qd6 23. h5 f6 24. Nh3 Rg7 25. Bxd5+ cxd5 26. Nh6+ Kh8 27. Nf4
f5 28. hxg6 hxg6 29. Kg2 Rh7 30. Rh1 Nc6 31. Qe3 Qf6 32. Qe6 Kg7 33. Qd7+ Qe7
34. Ne6+ Kf6 35. Qxe7+ Kxe7 36. Nxf8 Kxf8 37. Nxf5 Ra7 38. Rh8+ Kf7 39. Rh7+
Kf6 40. Rxa7 Nxa7 41. Ne3 Ke6 42. f3 Nb5 43. Nc2 Bb7 44. Re1+ Kd7 45. Rh1 Ke6
46. Kf2 a5 47. g4 Nd6 48. b3 Nb5 49. a4 Nd6 50. Ke3 Bc6 51. Rh6 Kf6 52. Rh7 Ke6
53. Kf4 b5 54. axb5 Bxb5 55. Ra7 Be2 56. Rxa5 Bd1 57. Rc5 g5+ 58. Ke3 1-0

[Event "II. CLANSKA LIGA ZAHOD 2025"]
[Site "Komenda"]
[Date "2025.11.23"]
[Round "8.1"]
[White "Beber, Anja"]
[Black "Kekic, Urban"]
[Result "1/2-1/2"]
[WhiteElo "1930"]
[BlackElo "2060"]
[PlyCount "63"]
[EventDate "2025.11.14"]
[WhiteTeam "SK POSTOJNA"]
[BlackTeam "SK RIMEX ILIRSKA BISTRICA"]

1. Nf3 d5 2. e3 Nf6 3. b3 Bg4 4. Bb2 e6 5. Be2 h6 6. O-O Be7 7. h3 Bh5 8. d4
O-O 9. Nbd2 c5 10. c4 dxc4 11. Nxc4 Nc6 12. Rc1 Rc8 13. Nfe5 Bxe2 14. Qxe2 cxd4
15. Nxc6 Rxc6 16. Bxd4 Qc7 17. Qb2 Rc8 18. Rcd1 Ne8 19. Be5 Bf6 20. Bxc7 Bxb2
21. Bg3 Bc3 22. Rd3 b5 23. Rxc3 bxc4 24. bxc4 Rxc4 25. Rxc4 Rxc4 26. Rb1 f6 27.
Rb8 Kf8 28. Bd6+ Kf7 29. Rb7+ Kg8 30. Rb8 Kf7 31. Rb7+ Kg8 32. Bb8 1/2-1/2

[Event "II. CLANSKA LIGA ZAHOD 2025"]
[Site "Komenda"]
[Date "2025.11.23"]
[Round "8.1"]
[White "Solmajer, Luka"]
[Black "Filippovskiy, Nikita"]
[Result "1/2-1/2"]
[WhiteElo "2004"]
[BlackElo "1807"]
[PlyCount "89"]
[EventDate "2025.11.14"]
[WhiteTeam "SK RIMEX ILIRSKA BISTRICA"]
[BlackTeam "SK POSTOJNA"]

1. d4 Nf6 2. c4 g6 3. Nc3 Bg7 4. e4 d6 5. f3 O-O 6. Bg5 c5 7. d5 h6 8. Be3 e6
9. Qd2 exd5 10. cxd5 a6 11. a4 Nbd7 12. Nh3 Ne5 13. Nf2 h5 14. Be2 Nh7 15. O-O
f5 16. f4 Ng4 17. Nxg4 hxg4 18. e5 dxe5 19. Bxc5 Re8 20. fxe5 Bxe5 21. Bd4 Qg5
22. Rad1 Bd6 23. Qxg5 Nxg5 24. Bd3 Bd7 25. Rde1 Kf7 26. Bc4 Rac8 27. b3 f4 28.
Bd3 Bf5 29. Bc4 f3 30. Rxe8 Rxe8 31. h4 fxg2 32. Rxf5+ gxf5 33. hxg5 Kg6 34.
Bf6 Re3 35. Kxg2 Rh3 36. Ne2 f4 37. Ng1 Rg3+ 38. Kf1 f3 39. Bd4 Kxg5 40. Be3+
Kf5 41. Bd3+ Ke5 42. Bf2 Rg2 43. Ne2 Rxf2+ 44. Kxf2 fxe2 45. Kxe2 1/2-1/2

[Event "II. CLANSKA LIGA ZAHOD 2025"]
[Site "Komenda"]
[Date "2025.11.23"]
[Round "8.1"]
[White "Pridigar, Lovro"]
[Black "Bradac, Simon"]
[Result "1-0"]
[WhiteElo "1974"]
[BlackElo "1920"]
[PlyCount "151"]
[EventDate "2025.11.14"]
[WhiteTeam "SK POSTOJNA"]
[BlackTeam "SK RIMEX ILIRSKA BISTRICA"]

1. d4 d5 2. Bf4 Nf6 3. e3 e6 4. Bd3 Bd6 5. Bg3 O-O 6. Nf3 b6 7. Nbd2 c5 8. c3
Bb7 9. Ne5 Nc6 10. f4 Ne7 11. Qf3 Nf5 12. Bf2 Be7 13. O-O Nd6 14. Qh3 Nfe4 15.
Ndf3 c4 16. Bc2 b5 17. Bh4 Nf5 18. Bxe7 Qxe7 19. Ng5 h6 20. Nxe4 dxe4 21. Bd1
a5 22. Bg4 Nd6 23. f5 exf5 24. Bxf5 Bc8 25. Bxc8 Raxc8 26. Qg4 Qg5 27. Qxg5
hxg5 28. Nd7 Rfe8 29. Nc5 Rb8 30. b3 f6 31. Rfb1 f5 32. Rf1 Rf8 33. Nd7 Rbd8
34. Nxf8 Rxf8 35. g3 Re8 36. Rfc1 Kf7 37. Rab1 Ke6 38. Kf2 Rh8 39. Kg2 Rc8 40.
a4 cxb3 41. Rxb3 bxa4 42. Ra3 Nc4 43. Rxa4 Nxe3+ 44. Kf2 Ng4+ 45. Kg1 f4 46.
Rxa5 Kf6 47. Ra6+ Kf5 48. h3 Nf6 49. g4+ Kg6 50. c4 e3 51. Kg2 Kf7 52. Kf3 Rb8
53. Ra2 Rh8 54. Rh1 Rd8 55. d5 Nd7 56. Ra7 Kf6 57. Ra6+ Ke5 58. Rd1 Nc5 59. Rc6
e2 60. Kxe2 Re8 61. Kf3 Ne4 62. Re6+ Rxe6 63. dxe6 Nf6 64. Re1+ Kd6 65. e7 Kd7
66. c5 Ke8 67. c6 Nd5 68. Re5 Nc7 69. Rxg5 Ne6 70. Re5 Nd4+ 71. Kxf4 Nxc6 72.
Rg5 Kxe7 73. Rxg7+ Kf6 74. Rc7 Nd8 75. Ra7 Ne6+ 76. Kg3 1-0

[Event "II. CLANSKA LIGA ZAHOD 2025"]
[Site "Komenda"]
[Date "2025.11.23"]
[Round "8.1"]
[White "Rolih, Miran"]
[Black "Markovcic, Gregor"]
[Result "1-0"]
[WhiteElo "1916"]
[BlackElo "1730"]
[PlyCount "55"]
[EventDate "2025.11.14"]
[WhiteTeam "SK RIMEX ILIRSKA BISTRICA"]
[BlackTeam "SK POSTOJNA"]

1. e4 c5 2. Nf3 Nc6 3. d3 g6 4. g3 Bg7 5. Bg2 d6 6. O-O Nf6 7. a4 O-O 8. Nbd2
Bd7 9. h3 Qc7 10. Nc4 h6 11. Nh4 Be6 12. Ne3 Qd7 13. g4 Kh7 14. f4 Qc7 15. f5
Bd7 16. Nf3 g5 17. h4 gxh4 18. g5 Ng8 19. Ng4 h3 20. Bxh3 Nd4 21. Nh4 Qb8 22.
c3 Nc6 23. Nxh6 Nxh6 24. Qh5 Rg8 25. g6+ Kh8 26. Bxh6 Qf8 27. Bxg7+ Kxg7 28.
f6+ 1-0

[Event "II. CLANSKA LIGA ZAHOD 2025"]
[Site "Komenda"]
[Date "2025.11.23"]
[Round "8.2"]
[White "Vrcon, Damijan"]
[Black "Bratovic, Blaz"]
[Result "1/2-1/2"]
[WhiteElo "2204"]
[BlackElo "2292"]
[PlyCount "60"]
[EventDate "2025.11.14"]
[WhiteTeam "SK VAL KOPER"]
[BlackTeam "SD GORENJKA LESCE"]

1. c4 Nf6 2. g3 c5 3. Bg2 Nc6 4. Nc3 e6 5. Nf3 d5 6. cxd5 Nxd5 7. O-O Be7 8. d4
Nxc3 9. bxc3 O-O 10. Bf4 Bd6 11. Rb1 Bxf4 12. gxf4 cxd4 13. cxd4 Rb8 14. Qd3 h6
15. Rfc1 Bd7 16. Ne5 Nxe5 17. dxe5 Bc6 18. Bxc6 bxc6 19. Rxb8 Qxb8 20. Rxc6 Qb4
21. Rc4 Qa5 22. a3 Rd8 23. Rd4 Qe1+ 24. Kg2 Rxd4 25. Qxd4 Qxe2 26. Qxa7 Qg4+
27. Kf1 Qd1+ 28. Kg2 Qg4+ 29. Kf1 Qd1+ 30. Kg2 Qg4+ 1/2-1/2

[Event "II. CLANSKA LIGA ZAHOD 2025"]
[Site "Komenda"]
[Date "2025.11.23"]
[Round "8.2"]
[White "Mencinger, Vojko"]
[Black "Matijevic, Filip"]
[Result "1-0"]
[WhiteElo "2259"]
[BlackElo "2153"]
[PlyCount "55"]
[EventDate "2025.11.14"]
[WhiteTeam "SD GORENJKA LESCE"]
[BlackTeam "SK VAL KOPER"]

1. e4 e5 2. Nf3 Nc6 3. Bb5 Nf6 4. d3 d6 5. c3 Be7 6. O-O O-O 7. Re1 a6 8. Ba4
Re8 9. Nbd2 Bf8 10. Nf1 h6 11. Ng3 Be6 12. d4 exd4 13. cxd4 b5 14. Bc2 Bg4 15.
Be3 Nh5 16. Rc1 Nxg3 17. hxg3 d5 18. e5 Ne7 19. Qd2 Bf5 20. Nh4 Bxc2 21. Qxc2
Rc8 22. f4 c5 23. dxc5 d4 24. Red1 dxe3 25. Rxd8 Rexd8 26. Qe4 Rd2 27. Qxe3
Rxb2 28. Qa3 1-0

[Event "II. CLANSKA LIGA ZAHOD 2025"]
[Site "Komenda"]
[Date "2025.11.23"]
[Round "8.2"]
[White "Ivanovic, Andrej"]
[Black "Kelbl, Jakob"]
[Result "1/2-1/2"]
[WhiteElo "2016"]
[BlackElo "1995"]
[PlyCount "83"]
[EventDate "2025.11.14"]
[WhiteTeam "SK VAL KOPER"]
[BlackTeam "SD GORENJKA LESCE"]

1. d4 e6 2. c4 f5 3. g3 Nf6 4. Bg2 c6 5. Nh3 d6 6. O-O e5 7. Nc3 Be7 8. dxe5
dxe5 9. Qxd8+ Bxd8 10. e4 O-O 11. b3 Bb6 12. Ba3 Re8 13. c5 Bc7 14. Rfe1 f4 15.
Ng5 h6 16. Nf3 g5 17. h3 Be6 18. Bb2 Nbd7 19. b4 Rad8 20. Na4 Kf7 21. Bc3 Rg8
22. Nd2 b5 23. cxb6 axb6 24. Bf1 Ra8 25. Nb2 Bxa2 26. Rxa2 Rxa2 27. Bc4+ Ke7
28. Bxa2 Ra8 29. Bb3 fxg3 30. fxg3 c5 31. Nd3 Ra3 32. Ra1 Rxb3 33. Nxb3 c4 34.
Nbc1 Nxe4 35. Be1 cxd3 36. Nxd3 b5 37. Kg2 Ke6 38. Ra6+ Bd6 39. Ra5 Kd5 40. Nb2
Kc6 41. Ra8 Nef6 42. Rc8+ 1/2-1/2

[Event "II. CLANSKA LIGA ZAHOD 2025"]
[Site "Komenda"]
[Date "2025.11.23"]
[Round "8.2"]
[White "Petek, Primoz"]
[Black "Pregelj, Ervin"]
[Result "1-0"]
[WhiteElo "2043"]
[BlackElo "1731"]
[PlyCount "95"]
[EventDate "2025.11.14"]
[WhiteTeam "SD GORENJKA LESCE"]
[BlackTeam "SK VAL KOPER"]

1. c4 c6 2. g3 d5 3. Bg2 Bf5 4. cxd5 cxd5 5. Qb3 e6 6. Qxb7 Nd7 7. Qb3 Ngf6 8.
Nf3 Qc7 9. O-O Bc2 10. Qc3 Qxc3 11. Nxc3 Bf5 12. Nb5 Kd8 13. d3 a6 14. Nbd4 Bd6
15. Nxf5 exf5 16. Nd4 g6 17. Bg5 Ke8 18. Rac1 h6 19. Bf4 Bxf4 20. gxf4 Kf8 21.
Rc7 Kg7 22. e3 Rhc8 23. Rfc1 Rd8 24. Nc6 Rdc8 25. Ne5 Rd8 26. Nxd7 Rxd7 27.
Rxd7 Nxd7 28. Bxd5 Rf8 29. Rc7 Nb8 30. Ra7 g5 31. fxg5 hxg5 32. Bc4 Nc6 33.
Rxa6 Ne5 34. Kf1 f4 35. exf4 gxf4 36. b3 f3 37. d4 Rd8 38. d5 Rb8 39. Ke1 Re8
40. Kd2 f6 41. Re6 Rd8 42. Ke3 Nf7 43. a4 Nd6 44. a5 Nf5+ 45. Kf4 Nd4 46. Re7+
Kf8 47. Rh7 Rd6 48. a6 1-0

[Event "II. CLANSKA LIGA ZAHOD 2025"]
[Site "Komenda"]
[Date "2025.11.23"]
[Round "8.2"]
[White "Cepin, Nik"]
[Black "Pavlin, Damijan"]
[Result "0-1"]
[WhiteElo "1719"]
[BlackElo "1963"]
[PlyCount "119"]
[EventDate "2025.11.14"]
[WhiteTeam "SK VAL KOPER"]
[BlackTeam "SD GORENJKA LESCE"]

1. e4 c6 2. d4 d5 3. e5 c5 4. dxc5 e6 5. Be3 Nd7 6. Bb5 a6 7. Ba4 Ne7 8. f4 Nf5
9. Bf2 Qa5+ 10. c3 Bxc5 11. Bxc5 Qxc5 12. Qd2 O-O 13. Bxd7 Bxd7 14. Ne2 Rac8
15. Na3 f6 16. exf6 Rxf6 17. Nc2 Rcf8 18. Ncd4 Nd6 19. Nb3 Qb6 20. Qd4 Qb5 21.
Qc5 Nc4 22. Qxb5 Bxb5 23. Nbd4 Nxb2 24. Nxb5 axb5 25. g3 b4 26. cxb4 Nd3+ 27.
Kd2 Nxb4 28. Rab1 Nc6 29. Rxb7 Ra8 30. Rc1 Na5 31. Re7 Nc4+ 32. Ke1 Kf8 33. Rb7
Rxa2 34. Rcb1 Rf7 35. Rb8+ Ke7 36. g4 Kf6 37. h4 h6 38. R1b7 Rxb7 39. g5+ hxg5
40. hxg5+ Kg6 41. Rxb7 Ne3 42. Re7 Ra6 43. Nd4 Ng2+ 44. Kf2 Nxf4 45. Kf3 Kxg5
46. Rxg7+ Kf6 47. Rg8 Ng6 48. Rd8 Ra3+ 49. Kf2 Ra6 50. Kf3 Ne5+ 51. Kf4 Nf7 52.
Rd7 e5+ 53. Ke3 Ra3+ 54. Kd2 exd4 55. Rxd5 Ne5 56. Rd8 Kf5 57. Ke2 Ra2+ 58. Kd1
Ke4 59. Rb8 Kd3 60. Rb3+ 0-1

[Event "II. CLANSKA LIGA ZAHOD 2025"]
[Site "Komenda"]
[Date "2025.11.23"]
[Round "8.3"]
[White "Demsar, Maks"]
[Black "Kobal, Peter"]
[Result "1-0"]
[WhiteElo "2116"]
[BlackElo "1894"]
[PlyCount "59"]
[EventDate "2025.11.14"]
[WhiteTeam "DRUSTVO TOMO ZUPAN"]
[BlackTeam "SD VRHNIKA"]

1. e4 c5 2. Nf3 d6 3. d4 cxd4 4. Nxd4 Nf6 5. Nc3 g6 6. Be3 Bg7 7. f3 O-O 8. Qd2
Nc6 9. g4 Be6 10. O-O-O Nxd4 11. Bxd4 Rc8 12. Bg2 Qa5 13. a3 Bc4 14. Kb1 Rfd8
15. h4 b5 16. h5 Be2 17. Nxe2 Qxd2 18. Rxd2 a6 19. hxg6 hxg6 20. Ng3 Nd7 21. f4
Bxd4 22. Rxd4 Nb6 23. g5 Kg7 24. f5 Nc4 25. Rf1 f6 26. gxf6+ Kxf6 27. fxg6+
Kxg6 28. Nf5 Rc6 29. Rd3 e6 30. Ne7+ 1-0

[Event "II. CLANSKA LIGA ZAHOD 2025"]
[Site "Komenda"]
[Date "2025.11.23"]
[Round "8.3"]
[White "Racnik, Tone"]
[Black "Mlacnik, Franc"]
[Result "1/2-1/2"]
[WhiteElo "1890"]
[BlackElo "1972"]
[PlyCount "88"]
[EventDate "2025.11.14"]
[WhiteTeam "SD VRHNIKA"]
[BlackTeam "DRUSTVO TOMO ZUPAN"]

1. e4 d6 2. d4 Nf6 3. Nc3 g6 4. f3 c6 5. Be3 e5 6. Nge2 Nbd7 7. Qd2 a6 8. g4 b5
9. Ng3 exd4 10. Bxd4 b4 11. Nd1 c5 12. Be3 Ne5 13. Be2 h5 14. gxh5 gxh5 15. Nf2
Be6 16. Rd1 d5 17. f4 Neg4 18. Nxg4 Bxg4 19. e5 Ne4 20. Qxd5 Qxd5 21. Rxd5 Nxg3
22. hxg3 Be6 23. Rd1 c4 24. Rxh5 Rxh5 25. Bxh5 b3 26. cxb3 cxb3 27. a3 Rc8 28.
Rc1 Bxa3 29. Rxc8+ Bxc8 30. Bc1 Bb4+ 31. Bd2 Bc5 32. Be2 Bd4 33. Bc1 a5 34. Bc4
a4 35. Ke2 a3 36. bxa3 b2 37. Bxb2 Bxb2 38. a4 Bc3 39. Kd3 Be1 40. e6 Bxe6 41.
Bxe6 fxe6 42. g4 Kf7 43. Ke4 Ba5 44. f5 exf5+ 1/2-1/2

[Event "II. CLANSKA LIGA ZAHOD 2025"]
[Site "Komenda"]
[Date "2025.11.23"]
[Round "8.3"]
[White "Bobnar, Samo"]
[Black "Redek, Leon"]
[Result "0-1"]
[WhiteElo "1929"]
[BlackElo "1735"]
[PlyCount "120"]
[EventDate "2025.11.14"]
[WhiteTeam "DRUSTVO TOMO ZUPAN"]
[BlackTeam "SD VRHNIKA"]

1. e4 d6 2. d4 Nf6 3. Nc3 g6 4. Be3 Bg7 5. Qd2 c6 6. f3 b5 7. O-O-O a5 8. Bh6
O-O 9. h4 Qc7 10. g4 e5 11. Bxg7 Kxg7 12. h5 a4 13. Nce2 Qe7 14. Ng3 Bd7 15.
Qh2 Kg8 16. Qh4 Ra7 17. Rd2 Na6 18. Rdh2 Be6 19. Qg5 Ne8 20. Qh6 g5 21. d5 cxd5
22. Bxb5 Nac7 23. Bc6 f6 24. Nf5 Bxf5 25. gxf5 Ng7 26. Rd2 d4 27. Nh3 Ra6 28.
Nxg5 fxg5 29. Bb7 Rb6 30. Rg1 Qf6 31. Qxg5 Qxg5 32. Rxg5 Rxb7 33. Rdg2 Nce8 34.
h6 Rf6 35. hxg7 Rxg7 36. Kd2 Kf7 37. Kd3 Rxg5 38. Rxg5 h6 39. Rg2 d5 40. c4
dxc3 41. bxc3 dxe4+ 42. fxe4 h5 43. Kc4 Rh6 44. Kd5 Kf6 45. c4 h4 46. c5 h3 47.
Rh2 Rh7 48. c6 Nc7+ 49. Kd6 Nb5+ 50. Kc5 Nc3 51. Kb6 Nxe4 52. c7 Nd6 53. Kc6
Nc8 54. Kb7 Rh8 55. a3 e4 56. Kc6 e3 57. Kb7 Kxf5 58. Ka8 Ke4 59. Rb2 h2 60.
Rb1 h1=Q 0-1

[Event "II. CLANSKA LIGA ZAHOD 2025"]
[Site "Komenda"]
[Date "2025.11.23"]
[Round "8.3"]
[White "Praznik, Nikolaj"]
[Black "Rogelj, Tomaz"]
[Result "1/2-1/2"]
[WhiteElo "1463"]
[BlackElo "1589"]
[PlyCount "62"]
[EventDate "2025.11.14"]
[WhiteTeam "SD VRHNIKA"]
[BlackTeam "DRUSTVO TOMO ZUPAN"]

1. e4 c6 2. Bc4 d5 3. exd5 cxd5 4. Bb3 Nf6 5. d4 Bf5 6. Nf3 e6 7. Bf4 Nc6 8.
O-O Bd6 9. Bg3 Bg4 10. c3 O-O 11. h3 Bh5 12. Bxd6 Qxd6 13. Qd3 Rae8 14. Nbd2
Bg6 15. Qe3 Ne7 16. Nh4 Nf5 17. Nxf5 Bxf5 18. Rac1 b5 19. a3 a5 20. Bc2 Bxc2
21. Rxc2 b4 22. axb4 axb4 23. Ra1 Ra8 24. Rcc1 Rfc8 25. Rab1 h6 26. Rc2 Ra2 27.
Rcc1 Rca8 28. Kh1 Qb6 29. Qd3 Qd6 30. Qe3 Rb8 31. Kg1 bxc3 1/2-1/2

[Event "II. CLANSKA LIGA ZAHOD 2025"]
[Site "Komenda"]
[Date "2025.11.23"]
[Round "8.4"]
[White "Kampus, Andrej"]
[Black "Zirkelbach, Maj"]
[Result "0-1"]
[WhiteElo "2066"]
[BlackElo "2260"]
[PlyCount "42"]
[EventDate "2025.11.14"]
[WhiteTeam "SK DOL PRI LJUBLJANI"]
[BlackTeam "SD KRKA NOVO MESTO"]

1. e4 e5 2. Bc4 Nc6 3. Nc3 Nf6 4. d3 Na5 5. Bb3 c6 6. f4 exf4 7. Bxf4 d5 8.
exd5 Nxb3 9. axb3 Nxd5 10. Nxd5 Qxd5 11. Qe2+ Be6 12. Nf3 Be7 13. O-O O-O 14.
Be3 c5 15. c4 Qh5 16. d4 Rfe8 17. d5 Bxd5 18. Rae1 Bc6 19. Bf4 Bh4 20. Ne5 Qxe2
21. Rxe2 f6 0-1

[Event "II. CLANSKA LIGA ZAHOD 2025"]
[Site "Komenda"]
[Date "2025.11.23"]
[Round "8.4"]
[White "Lauda, Alexandr"]
[Black "Arlic, Nejc"]
[Result "1-0"]
[WhiteElo "2230"]
[BlackElo "1838"]
[PlyCount "55"]
[EventDate "2025.11.14"]
[WhiteTeam "SD KRKA NOVO MESTO"]
[BlackTeam "SK DOL PRI LJUBLJANI"]

1. e4 e5 2. Nf3 Nc6 3. Bc4 Bc5 4. O-O d6 5. b4 Bb6 6. b5 Na5 7. Be2 Nf6 8. d3
c6 9. a4 Bd7 10. Ba3 Qc7 11. d4 exd4 12. Nxd4 O-O-O 13. bxc6 Bxc6 14. Nc3 a6
15. Nxc6 Qxc6 16. Nd5 Nxd5 17. exd5 Qc7 18. Qd3 Rhe8 19. Rab1 g6 20. Rfe1 f5
21. Bf1 Kb8 22. Bb4 Ka7 23. Bd2 Rc8 24. Re6 Rxe6 25. dxe6 Re8 26. Rxb6 Kxb6 27.
Be3+ Kc6 28. Qc3+ 1-0

[Event "II. CLANSKA LIGA ZAHOD 2025"]
[Site "Komenda"]
[Date "2025.11.23"]
[Round "8.4"]
[White "Azinovic, Igor"]
[Black "Zupancic, Jernej"]
[Result "0-1"]
[WhiteElo "1787"]
[BlackElo "2197"]
[PlyCount "94"]
[EventDate "2025.11.14"]
[WhiteTeam "SK DOL PRI LJUBLJANI"]
[BlackTeam "SD KRKA NOVO MESTO"]

1. e4 e5 2. Bc4 Nf6 3. d3 Bc5 4. Nf3 d6 5. O-O Nc6 6. c3 Be6 7. Re1 h6 8. Nbd2
Ne7 9. Nf1 Ng6 10. d4 Bg4 11. h3 Bxf3 12. Qxf3 exd4 13. cxd4 Bxd4 14. Qb3 O-O
15. Qxb7 Ne5 16. Bb3 Nd3 17. Re2 Rb8 18. Qc6 Nc5 19. e5 dxe5 20. Be3 Rb6 21.
Qf3 Nxb3 22. axb3 Rxb3 23. Qc6 Rb6 24. Qc4 Qd5 25. Qxd5 Nxd5 26. Bxd4 exd4 27.
Rxa7 Rd8 28. Rd2 Rb4 29. Ng3 g6 30. Ne4 Rc4 31. Rb7 f5 32. Ng3 Nf4 33. b3 Rc1+
34. Kh2 Rd7 35. Rb4 c5 36. Rc4 Rxc4 37. bxc4 Re7 38. Ra2 Re1 39. Ra8+ Kf7 40.
Ra7+ Kf6 41. Ra6+ Ke5 42. Rc6 d3 43. Rxc5+ Kd6 44. Rc8 Kd7 45. Ra8 d2 46. Ra7+
Kc6 47. Ra6+ Kb7 0-1

[Event "II. CLANSKA LIGA ZAHOD 2025"]
[Site "Komenda"]
[Date "2025.11.23"]
[Round "8.4"]
[White "Zupancic, Urban"]
[Black "Kosem, Rok"]
[Result "1-0"]
[WhiteElo "2024"]
[BlackElo "1765"]
[PlyCount "67"]
[EventDate "2025.11.14"]
[WhiteTeam "SD KRKA NOVO MESTO"]
[BlackTeam "SK DOL PRI LJUBLJANI"]

1. e4 c5 2. Nf3 Nc6 3. d4 cxd4 4. Nxd4 e5 5. Nb5 d6 6. N1c3 Be7 7. Nd5 Rb8 8.
Bd3 Nf6 9. Nbc7+ Kf8 10. O-O Nxd5 11. Nxd5 Bg5 12. Qh5 Bxc1 13. Raxc1 h6 14. f4
g6 15. Qf3 h5 16. b4 b5 17. c4 Nd4 18. Qf2 f5 19. fxe5 dxe5 20. Qg3 Qd6 21. c5
Qe6 22. Rce1 f4 23. Nxf4 exf4 24. Qxf4+ Kg7 25. Qxb8 Nc6 26. Qc7+ Bd7 27. Bxb5
Rc8 28. Qd6 Qe8 29. Rd1 Bg4 30. Qf6+ Kh6 31. Rd6 Qxe4 32. Bxc6 Qe3+ 33. Qf2 Qe5
34. Qf4+ 1-0